Mouvement indépendant européen #2 - Statistiques

Statistiques générales
  • Ce quiz a été pris 24 fois
  • Le résultat moyen est 4 sur 16
Statistiques - réponses
Par images Réponse % Correct
Ile de Man
89%
Wallonie
79%
Normandie
74%
Galice
42%
Frise
37%
Andalousie
32%
Bourgogne
32%
Oblast de Kaliningrad
16%
Oudmourtie
11%
Provence
11%
Tatarstan
11%
Bolzano
5%
Padanie
5%
Silésie
5%
Bachkirie
0%
Bornholm
0%
Aucun quiz correspondant
Distribution des résultats
% des personnes avec chaque résultat
Percentile par nombre de réponses
Votre historique - résultats
Vous n’avez pas pris ce quiz